| 000 | 00410nam a22001577a 4500 | ||
|---|---|---|---|
| 003 | MPLRDC | ||
| 005 | 20220104124633.0 | ||
| 008 | 210129b ||||| |||| 00| 0 eng d | ||
| 082 | _a307.9 LEO v.1 | ||
| 100 | _aARKADY LEOKUM原著 | ||
| 245 |
_a常识百科. 第一册 _c刘延湘编译 |
||
| 260 |
_a _b世界文物出版社 _c |
||
| 300 | _b精 | ||
| 650 | _a通俗科学故事 | ||
| 942 |
_cBK _o307.9 LEO v.1 |
||
| 999 |
_c20928 _d20918 |
||